[Event "22nd Oberwarter Open"]
[Site "Oberwart (Austria)"]
[Date "2000.07.15"]
[Round "8.31"]
[White "KREINDL, Helmut"]
[Black "HOFBAUER, Peter"]
[Result "1-0"]
[WhiteElo "2179"]
[BlackElo "2052"]
[PlyCount "77"]
[EventDate "2000.07.15"]

1. Nf3 g6 2. g3 Nf6 3. Bg2 Bg7 4. O-O O-O 5. c4 d6 6. Nc3 Re8 7. d4 c6 8. e4
Bg4 9. h3 Bxf3 10. Qxf3 Nfd7 11. Rd1 Qc7 12. Be3 Nf8 13. Rac1 Nbd7 14. b4 h6
15. Qe2 Nh7 16. f4 Rad8 17. e5 dxe5 18. fxe5 Ndf8 19. Qf2 e6 20. Ne4 Qe7 21.
Nd6 Rxd6 22. exd6 Qxd6 23. d5 exd5 24. cxd5 cxd5 25. Bxd5 Ne6 26. Bc6 Qf8 27.
Bxe8 Qxe8 28. Bxa7 Nhg5 29. Kh2 b5 30. h4 Ne4 31. Qc2 Nc3 32. Rd3 Qe7 33. Bc5
Nxc5 34. bxc5 b4 35. a3 Be5 36. Kh1 Bc7 37. axb4 Qe4+ 38. Kh2 Ne2 39. Rd8+ 1-0

[Event "22nd Oberwarter Open"]
[Site "Oberwart (Austria)"]
[Date "2000.07.15"]
[Round "8.33"]
[White "KRSTIC, Uros"]
[Black "STANKA, Wolfgang"]
[Result "1-0"]
[WhiteElo "2375"]
[BlackElo "2096"]
[PlyCount "97"]
[EventDate "2000.07.15"]

1. e4 c6 2. d4 d5 3. Nd2 Nf6 4. e5 Nfd7 5. Bd3 e6 6. Ne2 c5 7. c3 Nc6 8. O-O
Qb6 9. Nf3 Be7 10. Qd2 Nf8 11. h4 Bd7 12. Qf4 f6 13. dxc5 Qc7 14. Qg3 fxe5 15.
Qxg7 O-O-O 16. Qxh8 e4 17. Bf4 Ng6 18. Bxc7 Rxh8 19. Bg3 exf3 20. gxf3 Nxh4 21.
Bxh4 Bxh4 22. Ng3 Ne5 23. Be2 Rf8 24. Kg2 Ng6 25. Rh1 Rf7 26. Bd1 Be7 27. Bc2
Nh4+ 28. Rxh4 Bxh4 29. Rh1 Be7 30. Rxh7 Rxh7 31. Bxh7 Bxc5 32. f4 a5 33. Ne2
Kd8 34. Bg8 Ke7 35. f5 exf5 36. Bxd5 b5 37. Kf3 Kd6 38. Nf4 Ke5 39. Bb7 Bd6 40.
a3 Be8 41. b4 a4 42. Ke3 Bf8 43. Ne2 f4+ 44. Kd2 Bh6 45. Nd4 Bf7 46. f3 Be8 47.
Ba6 Kd5 48. Nxb5 Bg7 49. Nc7+ 1-0

[Event "22nd Oberwarter Open"]
[Site "Oberwart (Austria)"]
[Date "2000.07.15"]
[Round "8.35"]
[White "PROCHASKA, Juergen"]
[Black "LANTZSCH, Christian"]
[Result "1-0"]
[WhiteElo "2226"]
[BlackElo "2064"]
[PlyCount "59"]
[EventDate "2000.07.15"]

1. e4 e6 2. d4 d5 3. Nd2 Nf6 4. e5 Nfd7 5. Bd3 c5 6. c3 Nc6 7. Ne2 cxd4 8. cxd4
Qb6 9. Nf3 f6 10. exf6 Nxf6 11. O-O Bd6 12. b3 e5 13. dxe5 Nxe5 14. Nxe5 Bxe5
15. Be3 Qd6 16. Rc1 b6 17. f4 Bb2 18. Rc2 Ba3 19. Nd4 O-O 20. Nb5 Bg4 21. Qd2
Qb4 22. Nxa3 Qxa3 23. Bd4 Nd7 24. f5 Qe7 25. Rc7 h6 26. Qf4 Bh5 27. f6 Qd8 28.
Qf5 Nxf6 29. Bxf6 g6 30. Qe6+ 1-0

[Event "22nd Oberwarter Open"]
[Site "Oberwart (Austria)"]
[Date "2000.07.16"]
[Round "9.1"]
[White "SHARIYAZDANOV, Andrey"]
[Black "DOBROV, Vladimir"]
[Result "1-0"]
[WhiteElo "2582"]
[BlackElo "2339"]
[PlyCount "63"]
[EventDate "2000.07.16"]

1. d4 Nf6 2. Nf3 g6 3. c4 Bg7 4. Nc3 O-O 5. e4 d6 6. Be2 e5 7. O-O Nc6 8. d5
Ne7 9. b4 Nh5 10. Re1 a5 11. bxa5 Rxa5 12. a4 c5 13. Ra3 Kh8 14. Nb5 Ng8 15. g3
Ra6 16. Bb2 f5 17. exf5 Bxf5 18. Nh4 Nhf6 19. Nxf5 gxf5 20. Bf1 Nh6 21. Bh3 Rg8
22. Bc1 Qd7 23. Qc2 {#} 23... e4 24. f3 exf3 25. Bxh6 Bxh6 26. Bxf5 Qf7 27.
Rxf3 Qh5 28. Ref1 Ng4 29. Bxg4 Qxg4 30. Rf7 Bg7 31. R1f4 Qh3 32. Rxg7 1-0

[Event "22nd Oberwarter Open"]
[Site "Oberwart (Austria)"]
[Date "2000.07.16"]
[Round "9.3"]
[White "KRIVOSHEY, Sergei"]
[Black "EINGORN, Vereslav"]
[Result "1/2-1/2"]
[WhiteElo "2429"]
[BlackElo "2586"]
[Annotator "FRITZ 6"]
[PlyCount "61"]
[EventDate "2000.07.16"]

1. Nf3 c5 2. c4 g6 3. g3 Bg7 4. Nc3 b6 5. Bg2 Bb7 6. O-O Nc6 7. e3 Nf6 8. d4
O-O 9. d5 Na5 10. Qd3 Ba6 11. Nd2 e6 12. Rb1 Rb8 13. b3 exd5 14. Nxd5 Nxd5 15.
Qxd5 b5 {#} 16. Ne4 (16. Qxc5 bxc4 17. Qxa7 Qb6 18. Qxb6 Rxb6 19. Ba3 $18)
16... bxc4 17. Nxc5 Bb5 18. b4 c3 19. bxa5 Bxf1 20. Rxb8 Bxg2 21. Rxd8 Bxd5 22.
Rxd7 Bf3 23. a6 h5 24. Kf1 Rb8 25. Nb3 Rb6 26. Rxa7 g5 27. Rc7 Rxa6 28. Nd4
Bxd4 29. exd4 Rxa2 30. Rxc3 g4 31. Be3 1/2-1/2

[Event "22nd Oberwarter Open"]
[Site "Oberwart (Austria)"]
[Date "2000.07.16"]
[Round "9.4"]
[White "KUMMER, Helmut"]
[Black "STANEC, Nikolaus"]
[Result "0-1"]
[WhiteElo "2390"]
[BlackElo "2484"]
[PlyCount "110"]
[EventDate "2000.07.16"]

1. d4 Nf6 2. c4 e6 3. Nc3 c5 4. d5 exd5 5. cxd5 g6 6. e4 d6 7. f4 Bg7 8. Bb5+
Nfd7 9. a4 O-O 10. Nf3 Na6 11. O-O Nc7 12. Bd3 b6 13. Be3 Re8 14. Bf2 Ba6 15.
Qd2 Bxd3 16. Qxd3 a6 17. Rae1 b5 18. Bh4 Qb8 19. e5 (19. Qc2) 19... c4 20. Qd2
(20. Qd4 $142 $5) 20... b4 21. Ne4 dxe5 22. fxe5 c3 $6 23. bxc3 bxc3 24. Qxc3 (
24. Qd4 Qb6 (24... Nxe5 25. Bf6 Qa7 26. Bxg7 $14) 25. Nxc3 Qxd4+ 26. Nxd4 Bxe5
27. Rd1 Nb6 $11) 24... Nxe5 25. Nxe5 $2 (25. d6 Nd5 26. Qd2 Qb6+ 27. Kh1 Qc6
28. Nxe5 $14) 25... Rxe5 $15 26. Bg3 (26. Qc5 $142) 26... Qa7+ 27. Bf2 Rxe4 28.
Bxa7 Bxc3 29. Rxe4 Rxa7 30. Rd1 Bf6 31. Rb4 Kg7 32. Rb8 a5 33. Kf2 Ra6 34. d6
Ne6 35. d7 Nd8 36. Rd5 Kf8 37. Ke3 Ke7 38. Kd3 {#} 38... Ke6 (38... Rd6 39.
Rxd6 Kxd6 40. Kc4 Kxd7 $17) 39. Ke4 h5 40. Rbb5 Bc3 41. Rd3 Rc6 42. Rb8 Rc4+
43. Kf3 Bf6 44. Ra8 Rxa4 45. Ra6+ Ke7 46. Rd5 Bc3 47. Rc5 Ra3 48. Ke4 f5+ 49.
Kd5 Bb4 50. Rc2 Rd3+ 51. Kc4 Rd6 52. Re2+ Kxd7 53. Ra7+ Kc8 54. Kb5 Ne6 55. Ka4
Rb6 0-1

[Event "22nd Oberwarter Open"]
[Site "Oberwart (Austria)"]
[Date "2000.07.16"]
[Round "9.5"]
[White "DANNER, Georg"]
[Black "BALINOV, Ilia"]
[Result "1-0"]
[WhiteElo "2437"]
[BlackElo "2453"]
[PlyCount "77"]
[EventDate "2000.07.16"]

1. d4 Nf6 2. Nf3 g6 3. c4 Bg7 4. Nc3 d5 5. cxd5 Nxd5 6. e4 Nxc3 7. bxc3 c5 8.
Rb1 O-O 9. Be2 Nc6 10. d5 Ne5 11. Nxe5 Bxe5 12. Qd2 e6 13. f4 Bc7 14. O-O exd5
15. exd5 b6 16. c4 Bf5 17. Bd3 Qd7 18. Bb2 Rae8 19. g3 Bxd3 20. Qxd3 {#} 20...
Qf5 $2 21. Qxf5 $16 gxf5 22. Rfe1 Re4 23. Rxe4 fxe4 24. Kf2 Re8 25. Ke3 f5 26.
h3 Kf7 27. g4 Kg6 28. a4 h6 29. Bc3 Re7 30. Rd1 Bd6 31. Be5 Bxe5 32. fxe5 Rxe5
33. d6 Re8 34. d7 Rd8 35. Rd6+ $18 Kf7 36. gxf5 Ke7 37. Rd5 Rxd7 38. Rxd7+ Kxd7
39. Kxe4 1-0

[Event "22nd Oberwarter Open"]
[Site "Oberwart (Austria)"]
[Date "2000.07.16"]
[Round "9.7"]
[White "DVOIRYS, Semen"]
[Black "WITTMANN, Walter"]
[Result "1-0"]
[WhiteElo "2562"]
[BlackElo "2380"]
[Annotator "FRITZ 6"]
[PlyCount "101"]
[EventDate "2000.07.16"]

1. e4 e5 2. Nf3 Nc6 3. Bb5 a6 4. Ba4 b5 5. Bb3 Bc5 6. a4 b4 7. O-O d6 8. c3 Bg4
9. Bd5 Qd7 10. Bxc6 Qxc6 11. Nxe5 dxe5 12. Qxg4 Nf6 13. Qg3 Qxe4 14. cxb4 Bxb4
15. Nc3 Bxc3 16. dxc3 O-O 17. f3 Qf5 18. Bg5 Rab8 19. Rf2 Nd5 20. Rd1 c6 21.
Re2 f6 22. Bc1 Rbd8 23. Re4 Rd7 24. Rde1 Rfd8 25. Qf2 g5 26. Qc5 Qe6 27. Qa5
Ra8 28. h4 h6 29. hxg5 hxg5 30. c4 Ne7 31. Bxg5 Nf5 (31... fxg5 32. Rxe5 Qf6
33. Rxg5+ Kf7 34. Rge5 $11) 32. Qc5 Rg7 33. Bd2 Rd8 34. Bc3 Rd3 35. Qf2 Nd6 36.
Rh4 Nxc4 37. Rh5 Qd5 38. Qh4 Nd6 {#} 39. Rh8+ (39. Qxf6 Rxf3 (39... Ne8 40. Qh6
$16) 40. Qxg7+ Kxg7 41. Rhxe5 $16) 39... Kf7 40. Qh5+ Ke6 41. Qh3+ Ke7 42. Ra8
Qc5+ 43. Kh2 Nf7 44. Rb8 {#} 44... Ng5 (44... Qa7 45. Qc8 Rh7+ 46. Kg3 Nd8 $11)
45. Qh8 Nxf3+ 46. Kh1 Rxg2 47. Qe8+ Kd6 48. Rd8+ Kc7 49. Ba5+ Qxa5 50. Qe7+ Kb6
51. Rb8# 1-0

[Event "22nd Oberwarter Open"]
[Site "Oberwart (Austria)"]
[Date "2000.07.16"]
[Round "9.8"]
[White "GAGARIN, Vasilij"]
[Black "BURMAKIN, Vladimir"]
[Result "1/2-1/2"]
[WhiteElo "2395"]
[BlackElo "2538"]
[Annotator "FRITZ 6"]
[PlyCount "70"]
[EventDate "2000.07.16"]

1. d4 d5 2. c4 c6 3. Nc3 Nf6 4. Nf3 a6 5. Ne5 Nbd7 6. Bf4 dxc4 7. Nxc4 Nd5 8.
Bd2 N5b6 9. e3 g6 10. Ne4 Nxc4 11. Bxc4 Bh6 12. h4 Nf6 13. Nxf6+ exf6 14. h5
Be6 15. Bxe6 fxe6 16. e4 Bxd2+ 17. Qxd2 g5 18. O-O-O Qc7 19. e5 h6 20. exf6 O-O
21. Kb1 Rxf6 22. f3 Rd8 23. Qe2 Qh7+ 24. Ka1 Qf7 25. a3 Rf4 26. Qe3 Rf5 27. Rd3
Rfd5 28. Rhd1 R8d6 29. g4 Qd7 30. f4 gxf4 31. Qxf4 e5 32. Qe4 exd4 33. Rf1 Re6
34. Qf4 {#} 34... Qe7 (34... Qg7 35. Qb8+ Kh7 36. Rdf3 Re7 $17) 35. Rxd4 Re1+
1/2-1/2

[Event "22nd Oberwarter Open"]
[Site "Oberwart (Austria)"]
[Date "2000.07.16"]
[Round "9.9"]
[White "LOGINOV, Valery"]
[Black "ZIMMERMAN, Yuri"]
[Result "1/2-1/2"]
[WhiteElo "2514"]
[BlackElo "2379"]
[PlyCount "97"]
[EventDate "2000.07.16"]

1. Nf3 g6 2. e4 d6 3. d4 Nf6 4. Nc3 Bg7 5. Be2 O-O 6. O-O Bg4 7. Be3 Nc6 8. d5
Bxf3 9. Bxf3 Ne5 10. Be2 c6 11. a4 Qa5 12. Ra3 Ned7 13. Qd2 cxd5 14. exd5 Rfc8
15. Rb1 Ne5 16. Rb3 Qc7 17. Rb4 a5 18. Rd4 Ned7 19. h3 Nb6 20. Rh4 Nfd7 21. Bd4
Bxd4 22. Qxd4 Nf6 23. Qd2 Qd8 24. Re1 Rc5 25. Rd4 Rac8 26. Bb5 Kg7 27. Re3 Nc4
28. Bxc4 Rxc4 29. Rxc4 Rxc4 30. Qe2 Rc7 31. Qb5 Qc8 32. Qxa5 Rc5 33. Qb4 Nxd5
34. Nxd5 Rxd5 35. Qc3+ Qxc3 36. Rxc3 b5 37. axb5 Rxb5 38. b3 h5 39. h4 Rb4 40.
g3 f6 41. Rc7 Kf7 42. Kg2 g5 43. hxg5 fxg5 44. Rc8 Rb5 45. Rh8 Kg6 46. Rg8+ Kf7
47. Rh8 Kg6 48. Rg8+ Kf7 49. Rh8 {.} 1/2-1/2

[Event "22nd Oberwarter Open"]
[Site "Oberwart (Austria)"]
[Date "2000.07.16"]
[Round "9.10"]
[White "OKHOTNYK, Vladimir"]
[Black "LENDWAI, Reinhard"]
[Result "1-0"]
[WhiteElo "2510"]
[BlackElo "2361"]
[Annotator "FRITZ 6"]
[PlyCount "81"]
[EventDate "2000.07.16"]

1. e4 c6 2. d3 d5 3. Nd2 g6 4. Ngf3 Bg4 5. h3 Bxf3 6. Qxf3 Bg7 7. g3 Nf6 8. Bg2
Nbd7 9. O-O O-O 10. Re1 e6 11. Qe2 a5 12. Kh2 a4 13. Rb1 Ne8 14. f4 Nc7 15. a3
Re8 16. Nf3 b5 17. g4 f5 18. e5 c5 19. c3 Rb8 20. Bd2 Na6 21. d4 Rb7 22. gxf5
gxf5 23. Ng5 Nf8 24. Rg1 cxd4 25. cxd4 Qb6 26. Be3 Rc7 27. Rbc1 Rc4 28. Qh5 Re7
29. Bh1 Nc7 30. Qe2 Qc6 31. Bd2 Na6 32. Bc3 Rc7 {#} 33. Bf3 h6 34. Nxe6 Qxe6 (
34... Nxe6 $17) 35. Rg3 Rd7 36. Rcg1 Qf7 37. Qg2 Kh7 38. Be2 (38. Bxd5 $16)
38... Rcc7 39. Bh5 Qe6 40. Bb4 Re7 41. Be8 1-0

[Event "22nd Oberwarter Open"]
[Site "Oberwart (Austria)"]
[Date "2000.07.16"]
[Round "9.11"]
[White "KOVACEVIC, Blazimir"]
[Black "KOVACS, Gabor"]
[Result "1/2-1/2"]
[WhiteElo "2438"]
[BlackElo "2348"]
[Annotator "FRITZ 6"]
[PlyCount "135"]
[EventDate "2000.07.16"]

1. c4 c5 2. Nf3 Nf6 3. Nc3 e6 4. g3 b6 5. Bg2 Bb7 6. O-O Be7 7. b3 Ne4 8. Nxe4
Bxe4 9. Bb2 Bf6 10. Bxf6 Qxf6 11. d4 Na6 12. dxc5 Nxc5 13. b4 Nb7 14. Nh4 Bxg2
15. Nxg2 Qe7 16. Qa4 O-O 17. Rfd1 d6 18. Qa6 Nd8 19. a3 Qc7 20. Rd2 Nc6 21. Ne3
Rfd8 22. Rad1 Rd7 23. f4 Rad8 24. Qb5 Ne7 25. Ng4 f6 26. e4 Qc6 27. Qxc6 Nxc6
28. Ne3 Kf7 29. Kf2 Ke7 30. Rc1 g6 31. h4 f5 32. exf5 exf5 33. Re1 Kf6 34. Red1
Ne7 35. Kf3 Kf7 36. Kf2 Ng8 37. Kf3 Nf6 38. g4 fxg4+ 39. Nxg4 Nxg4 40. Kxg4 Kf6
41. Kf3 d5 42. Ke3 Kf5 {#} 43. Kf3 (43. Rxd5+ Ke6 44. Rxd7 Rxd7 45. Rxd7 Kxd7
46. Kd4 $16) 43... Kf6 44. Ke3 Kf5 45. Kf3 Kf6 46. Rd4 Kf5 47. R1d2 Kf6 48. a4
a5 49. b5 Rd6 50. Ke3 Kf5 51. Kf3 Kf6 52. Rd1 Kf5 53. R1d2 Kf6 54. Rd1 Kf5 55.
R1d2 Kf6 56. h5 Kf5 57. Rd1 R8d7 58. R1d2 Rd8 59. Rd1 R8d7 60. R1d3 Rd8 61. Re3
dxc4 62. Re5+ Kf6 63. Rxc4 Rd4 64. Rxd4 Rxd4 65. Re4 Rd3+ 66. Kg4 h6 67. Rc4
Ra3 68. Rc6+ 1/2-1/2

[Event "22nd Oberwarter Open"]
[Site "Oberwart (Austria)"]
[Date "2000.07.16"]
[Round "9.12"]
[White "KUPREICHIK, Viktor"]
[Black "WALLNER, Joachim"]
[Result "1-0"]
[WhiteElo "2472"]
[BlackElo "2272"]
[PlyCount "95"]
[EventDate "2000.07.16"]

1. e4 c5 2. Nc3 e6 3. g3 Nc6 4. Bg2 g6 5. d3 Bg7 6. Be3 d6 7. Qd2 Rb8 8. Nf3
Nd4 9. Bxd4 cxd4 10. Nb5 e5 11. Qb4 Ke7 12. Nxa7 Bd7 13. Nb5 Qb6 14. a4 Nh6 15.
Nd2 Qc5 16. Qxc5 dxc5 17. Nc4 f6 18. Nc7 Rhd8 19. h4 Nf7 20. Bh3 Bxh3 21. Rxh3
Nd6 22. g4 h6 23. Ke2 {#} 23... Rh8 24. h5 g5 25. Ra3 Rhc8 26. Nd5+ Ke6 27.
Nxd6 Kxd6 28. a5 Rc6 29. Rh1 Kd7 30. Rb3 Bf8 31. Nb6+ Ke6 32. Ra1 Bd6 33. Rb5
Bc7 34. Nc4 Kd7 35. Ra3 Kc8 36. Rab3 Bd8 37. Kd1 Bc7 38. Kc1 Bd8 39. Kb1 Bc7
40. Ka2 Bd8 41. Ka3 Bc7 42. Ka4 Bd8 43. Nb6+ Kc7 44. f3 Kd6 45. Nc4+ Kc7 46.
Rb6 Kc8 47. Rxc6+ bxc6 48. Nd6+ 1-0

[Event "22nd Oberwarter Open"]
[Site "Oberwart (Austria)"]
[Date "2000.07.16"]
[Round "9.13"]
[White "WEGERER, Fred"]
[Black "ROGULJ, Branko"]
[Result "0-1"]
[WhiteElo "2175"]
[BlackElo "2460"]
[Annotator "FRITZ 6"]
[PlyCount "88"]
[EventDate "2000.07.16"]

1. g3 c5 2. Bg2 Nc6 3. Nf3 e5 4. O-O d5 5. c4 d4 6. d3 Be7 7. b4 cxb4 8. a3 b3
9. Qxb3 Nf6 10. Nbd2 O-O 11. Rb1 Qc7 12. Ne1 Nd7 13. Qc2 b6 14. Nb3 Bb7 15. e3
a5 16. Bd5 Rfc8 17. Qe2 a4 18. Nd2 Nf6 19. e4 Nxd5 20. exd5 Na7 21. Nef3 f6 22.
Re1 Bf8 23. Nh4 b5 24. Qg4 Qf7 25. Ne4 Kh8 26. Qf5 Kg8 27. f4 Re8 28. Qg4 Bc8
29. Qf3 exf4 30. Bxf4 bxc4 31. dxc4 h5 32. Nd6 Bxd6 33. Bxd6 Ba6 34. c5 Bc4 35.
Re6 Bxd5 36. Rxe8+ Rxe8 {#} 37. Qf5 Be4 38. Qf1 Bxb1 39. Qxb1 Qb3 40. Qg6 Qe3+
41. Kg2 Qe4+ (41... Qe2+ 42. Kh3 Qf1+ 43. Ng2 Re2) 42. Qxe4 Rxe4 43. Nf5 Nc6
44. Kf3 Re1 0-1

[Event "22nd Oberwarter Open"]
[Site "Oberwart (Austria)"]
[Date "2000.07.16"]
[Round "9.14"]
[White "MEDVEGY, Zoltan"]
[Black "KARNER, Christoph"]
[Result "1/2-1/2"]
[WhiteElo "2428"]
[BlackElo "2280"]
[PlyCount "86"]
[EventDate "2000.07.16"]

1. e4 c5 2. Nf3 d6 3. d4 cxd4 4. Nxd4 Nf6 5. Nc3 a6 6. Be3 e5 7. Nf3 Qc7 8. a4
Be7 9. a5 O-O 10. Be2 Nc6 11. Bb6 Qd7 12. Nd2 d5 13. O-O Nb4 14. Bf3 d4 15. Na4
Qc6 16. c3 dxc3 17. bxc3 Nd3 18. Nb3 Be6 19. Nd4 exd4 20. e5 Nd5 21. Qxd3 dxc3
22. Rfc1 Bb4 23. Qd4 Qb5 24. Bxd5 Bxd5 25. Rcb1 Bc4 26. Nxc3 Bxc3 27. Qxc3 Qc6
28. Qb4 Bd5 29. f3 Rac8 30. Rd1 Qe6 31. Qd6 Bc6 32. Rd4 Rfe8 33. Re1 Qf5 34.
Rdd1 Re6 35. Qd4 Rce8 36. Bc7 Rg6 37. Rf1 h5 38. Kh1 Rge6 39. h3 Rg6 40. Kh2
Rc8 41. Bd8 Bb5 42. Rf2 Rc4 43. Qe3 Rgc6 {.} 1/2-1/2

[Event "22nd Oberwarter Open"]
[Site "Oberwart (Austria)"]
[Date "2000.07.16"]
[Round "9.15"]
[White "SZIEBERT, Adam"]
[Black "KREINDL, Helmut"]
[Result "1-0"]
[WhiteElo "2421"]
[BlackElo "2179"]
[PlyCount "77"]
[EventDate "2000.07.16"]

1. e4 d5 2. exd5 Nf6 3. Bb5+ Bd7 4. Be2 Nxd5 5. d4 Bf5 6. Nf3 e6 7. O-O Be7 8.
a3 O-O 9. c4 Nb6 10. Nc3 Bf6 11. Qb3 Nc6 12. c5 Nd5 13. Rd1 b6 14. Nxd5 exd5
15. Qa4 Ne7 16. b4 a5 17. cxb6 axb4 18. Qxb4 cxb6 19. Bf4 Nc8 20. Rdc1 Be7 21.
Qb3 Be4 22. Ne5 Bd6 23. a4 Ne7 24. Bb5 {#} 24... Ng6 25. Nxg6 fxg6 26. Bxd6
Qxd6 27. f3 Bf5 28. Bc6 Rad8 29. Qxb6 Rf6 30. a5 Rc8 31. a6 Bd7 32. a7 Bxc6 33.
a8=Q Rxa8 34. Rxa8+ Bxa8 35. Rc8+ Kf7 36. Qa7+ Ke6 37. Re8+ Kf5 38. Re5+ Kf4
39. Kf2 1-0

[Event "22nd Oberwarter Open"]
[Site "Oberwart (Austria)"]
[Date "2000.07.16"]
[Round "9.16"]
[White "RIAZANTSEV, Alexander"]
[Black "WADSACK, Wolfgang"]
[Result "1-0"]
[WhiteElo "2418"]
[BlackElo "2133"]
[PlyCount "81"]
[EventDate "2000.07.16"]

1. c4 Nf6 2. Nc3 c6 3. d4 d5 4. Nf3 dxc4 5. a4 Bf5 6. e3 e6 7. Bxc4 Bb4 8. O-O
O-O 9. Qb3 Qe7 10. Nh4 Bg4 11. f3 Bh5 12. g4 {#} 12... Nxg4 13. fxg4 Qxh4 14.
gxh5 Bxc3 15. bxc3 Qg4+ 16. Kf2 Qh4+ 17. Ke2 Qxh5+ 18. Kd2 Qxh2+ 19. Be2 Nd7
20. Ba3 c5 21. Qxb7 cxd4 22. cxd4 Rfd8 23. Rh1 Qg3 24. Rag1 Qf2 25. Qf3 Qxf3
26. Bxf3 Rac8 27. Rc1 Ne5 28. Be2 Nc6 29. Bd3 g6 30. Rc5 Ne7 31. Rxc8 Nxc8 32.
Rc1 Nb6 33. a5 Nd5 34. e4 Nf4 35. Ke3 e5 36. d5 f5 37. Be7 Rb8 38. Bc4 Kf7 39.
Bd6 Ng2+ 40. Kf3 Nh4+ 41. Kg3 1-0

[Event "22nd Oberwarter Open"]
[Site "Oberwart (Austria)"]
[Date "2000.07.16"]
[Round "9.17"]
[White "NEULINGER, Manfred"]
[Black "WUKITS, Rene"]
[Result "1-0"]
[WhiteElo "2286"]
[BlackElo "2347"]
[PlyCount "57"]
[EventDate "2000.07.16"]

1. e4 c5 2. Nf3 Nf6 3. Nc3 d6 4. d4 cxd4 5. Nxd4 g6 6. g3 Bg7 7. Bg2 O-O 8. O-O
Nc6 9. Nce2 d5 10. exd5 Nxd5 11. Nxc6 bxc6 12. Nd4 Bd7 13. c4 Nb4 14. a3 e5 15.
Nb3 Na6 16. Be3 Qe7 17. Na5 Rfc8 18. b4 Rc7 19. b5 Nb8 20. c5 Be8 21. Qd6 e4
22. Rad1 Bc3 23. Bd2 Bxd2 24. Rxd2 f5 25. Qxe7 Rxe7 26. Rd8 cxb5 27. f3 Kg7 28.
fxe4 fxe4 29. Re1 {.} 1-0

[Event "22nd Oberwarter Open"]
[Site "Oberwart (Austria)"]
[Date "2000.07.16"]
[Round "9.18"]
[White "ZSINKA, Laszlo"]
[Black "VUKOVIC, Ivo"]
[Result "0-1"]
[WhiteElo "2342"]
[BlackElo "2272"]
[PlyCount "130"]
[EventDate "2000.07.16"]

1. d4 Nf6 2. c4 e6 3. Nc3 Bb4 4. e3 O-O 5. Bd3 d6 6. Nge2 c6 7. O-O e5 8. Ng3
Re8 9. a3 Ba5 10. b4 Bc7 11. d5 cxd5 12. cxd5 Nbd7 13. Bb5 a6 14. Ba4 b5 15.
Bb3 Nf8 16. Ra2 Ng6 17. f3 Bb6 18. Kh1 Rf8 19. Qd3 Bd7 20. Rc2 Ne8 21. Nf5 Rc8
22. g4 Nh4 23. Ne2 Nxf5 24. gxf5 Rxc2 25. Bxc2 Qh4 26. Bd2 Nf6 27. Be1 Qh6 {#}
28. Bd2 e4 29. Qb3 exf3 30. Ng1 Ng4 31. Nxf3 Qh3 32. Qb1 Bxe3 33. Qe1 Re8 34.
Bd3 Bb6 35. Qg3 Qxg3 36. hxg3 Nf2+ 37. Rxf2 Bxf2 38. Kg2 Bb6 39. g4 f6 40. g5
Kf7 41. g6+ Kg8 42. Nh4 Ra8 43. Kf3 a5 44. Bf4 Bc7 45. gxh7+ Kxh7 46. Bd2 Bb6
47. Ng6 axb4 48. axb4 Kg8 49. Ne7+ Kf7 50. Nc6 Ra3 51. Ke2 Rxd3 52. Kxd3 Bxf5+
53. Kc3 g5 54. Be1 Bc7 55. Bf2 Bd7 56. Nd4 f5 57. Kd3 Kf6 58. Bg3 f4 59. Bh2
Bb6 60. Ke4 Bxd4 61. Kxd4 Kf5 62. Bg1 g4 63. Bf2 g3 64. Be1 Kg4 65. Kd3 Bf5+
0-1

[Event "22nd Oberwarter Open"]
[Site "Oberwart (Austria)"]
[Date "2000.07.16"]
[Round "9.19"]
[White "ARWANITAKIS, Michael"]
[Black "CSONKA, Attila"]
[Result "1/2-1/2"]
[WhiteElo "2156"]
[BlackElo "2310"]
[PlyCount "121"]
[EventDate "2000.07.16"]

1. e4 c6 2. d4 d5 3. exd5 cxd5 4. Bd3 Nc6 5. c3 Nf6 6. Bf4 Bg4 7. Qb3 Qd7 8.
Nd2 e6 9. Ngf3 Bd6 10. Bxd6 Qxd6 11. O-O O-O 12. Rfe1 Nd7 13. Re3 a6 14. a4 Bf5
15. Qc2 Bg6 16. a5 Qc7 17. Bxg6 hxg6 18. Qa4 Rfb8 19. b4 b6 20. Nb3 bxa5 21.
Nxa5 Nxa5 22. Qxa5 Qxa5 23. Rxa5 Rb5 24. Ra2 Rb6 25. Ne5 Nxe5 26. dxe5 d4 27.
cxd4 Rxb4 28. g3 Rxd4 29. Ra5 Rb4 30. Rea3 Rb6 31. Kg2 g5 32. Kf3 f6 33. Kg4
Kf7 34. f4 gxf4 35. gxf4 Kg6 36. exf6 gxf6 {#} 37. f5+ exf5+ 38. Rxf5 Rb4+ 39.
Rf4 Rb2 40. h3 a5 41. Rfa4 Rb5 42. h4 Kf7 43. Kf4 Kg6 44. Kg4 Rh8 45. Rxa5 Rb4+
46. Kg3 Rbxh4 47. Rf3 Rh3+ 48. Kf2 Rh2+ 49. Kg3 Rb2 50. Raf5 Rb6 51. Kg2 Rh5
52. Rxh5 Kxh5 53. Rf4 Kg5 54. Ra4 f5 55. Kg3 Rb3+ 56. Kf2 Rb5 57. Kg3 Rc5 58.
Rb4 Ra5 59. Kf3 f4 60. Rb8 Ra3+ 61. Kf2 1/2-1/2

[Event "22nd Oberwarter Open"]
[Site "Oberwart (Austria)"]
[Date "2000.07.16"]
[Round "9.21"]
[White "FUCHS, Georg"]
[Black "KRSTIC, Uros"]
[Result "1-0"]
[WhiteElo "2185"]
[BlackElo "2375"]
[Annotator "FRITZ 6"]
[PlyCount "59"]
[EventDate "2000.07.16"]

1. e4 c6 2. d4 Na6 3. Nc3 Nc7 4. Nf3 d5 5. Bf4 Nf6 6. exd5 Ncxd5 7. Nxd5 Nxd5
8. Bd2 Qb6 9. c4 Nf6 10. Bd3 Qxb2 11. O-O Qb6 12. Rb1 Qd8 13. Re1 g6 14. Qa4
Nd7 15. Ba5 b6 16. Qxc6 Rb8 17. Bb4 Bb7 18. Qd6 Rc8 19. Ng5 {#} 19... e5 20.
Rxe5+ Nxe5 21. Qxe5+ Kd7 22. Nxf7 Qe8 23. Bf5+ (23. Bxf8 Qxf8 24. c5 $18) 23...
gxf5 24. Qxf5+ Kc7 25. Qf4+ Kd7 26. Ne5+ Kc7 27. Ng6+ Kd8 28. Nxf8 Qe4 29. Qd6+
Ke8 30. Qd7# 1-0

[Event "22nd Oberwarter Open"]
[Site "Oberwart (Austria)"]
[Date "2000.07.16"]
[Round "9.22"]
[White "MEDVEGY, Nora"]
[Black "HARDT, Christian"]
[Result "1-0"]
[WhiteElo "2350"]
[BlackElo "2205"]
[PlyCount "43"]
[EventDate "2000.07.16"]

1. e4 e6 2. d4 d5 3. Nd2 c5 4. exd5 Qxd5 5. Ngf3 cxd4 6. Bc4 Qa5 7. O-O Nf6 8.
Nb3 Qc7 9. Qe2 Be7 10. Nbxd4 a6 11. Ne5 O-O 12. Bf4 Qb6 13. c3 Nbd7 14. Nxf7
Rxf7 15. Nxe6 Bd6 16. Be3 {#} 16... Qc6 17. Nd8 Bxh2+ 18. Kh1 Qe4 19. Bxf7+ Kf8
20. Kxh2 Qh4+ 21. Kg1 Ne4 22. Bg5 1-0

[Event "22nd Oberwarter Open"]
[Site "Oberwart (Austria)"]
[Date "2000.07.16"]
[Round "9.23"]
[White "STANETZEK, Carsten"]
[Black "BRANDNER, Stefan"]
[Result "0-1"]
[WhiteElo "2168"]
[BlackElo "2344"]
[PlyCount "80"]
[EventDate "2000.07.16"]

1. e4 g6 2. d4 Bg7 3. Nf3 d6 4. Be3 Nd7 5. Nbd2 e6 6. c3 b6 7. Bd3 Bb7 8. Qe2
a6 9. Ng5 h6 10. Nh3 Ne7 11. O-O O-O 12. Rad1 a5 13. a4 d5 14. Nf4 dxe4 15.
Nxe4 Qe8 16. Rfe1 Nf5 17. Bc1 e5 18. dxe5 Nxe5 19. Bb5 Qc8 20. Nd3 Nc6 21. Nf4
Rd8 22. Nd5 Kh8 23. Ndf6 Ne5 24. f4 {#} 24... c6 25. fxe5 cxb5 26. Rxd8+ Qxd8
27. axb5 Qc7 28. Bf4 Rd8 29. Qf2 Rd3 30. Nd6 Bxf6 31. Nxf5 Bg5 32. Nxh6 Bxf4
33. Qxf4 Qc5+ 34. Kh1 Qd5 35. Nxf7+ Kg8 36. Nh6+ Kh7 37. Qg4 Rd2 38. Qh3 Qxg2+
39. Qxg2 Rxg2 40. h3 Re2+ 0-1

[Event "22nd Oberwarter Open"]
[Site "Oberwart (Austria)"]
[Date "2000.07.16"]
[Round "9.26"]
[White "LAKOS, Nikoletta"]
[Black "PIELER, Markus"]
[Result "1-0"]
[WhiteElo "2327"]
[BlackElo "2067"]
[PlyCount "91"]
[EventDate "2000.07.16"]

1. e4 c5 2. Nf3 Nc6 3. d4 cxd4 4. Nxd4 Nf6 5. Nc3 e5 6. Ndb5 d6 7. Bg5 a6 8.
Na3 Be6 9. Nc4 Rc8 10. Bxf6 gxf6 11. Ne3 Bh6 12. Bd3 Bxe3 13. fxe3 h5 14. O-O
Rh6 15. Qd2 Ne7 16. Rf2 Kf8 17. Nd5 Bxd5 18. exd5 Kg7 19. c4 Qd7 20. Raf1 Rg8
21. Rf3 Rgh8 22. Qf2 Ng8 23. b4 h4 24. Be4 Kf8 25. c5 h3 26. Bf5 Qb5 27. Rxh3
Rxh3 28. Bxh3 Qxb4 29. cxd6 Qxd6 30. e4 Rh6 31. Rc1 Ne7 32. Qc5 Qxc5+ 33. Rxc5
Rh4 34. d6 Nc6 35. Bf5 Ke8 36. g3 Rh8 37. h4 Kf8 38. Bd7 Nd8 39. Rc8 Kg7 40.
Bf5 Rf8 41. h5 Kh6 42. g4 Kg5 43. Kf2 Kf4 44. Ke2 Rg8 45. a4 Rf8 46. a5 1-0